Library Banner

Clinical chemistry : (Record no. 129856)

MARC details
000 -LEADER
fixed length control field 02149cam a2200277 i 4500
001 - CONTROL NUMBER
control field 22146632
005 - DATE AND TIME OF LATEST TRANSACTION
control field 20260624182319.0
008 - FIXED-LENGTH DATA ELEMENTS--GENERAL INFORMATION
fixed length control field 210722s2023 maua b 001 0 eng
020 ## - INTERNATIONAL STANDARD BOOK NUMBER
International Standard Book Number 9781284238860
040 ## - CATALOGING SOURCE
Transcribing agency PK-LaUMT
082 00 - DEWEY DECIMAL CLASSIFICATION NUMBER
Classification number 616.0756
Item number CLI-
245 10 - TITLE STATEMENT
Title Clinical chemistry :
Remainder of title principles, techniques, and correlations /
Statement of responsibility, etc Michael L. Bishop . . . [et al.]
250 ## - EDITION STATEMENT
Edition statement 9th ed.
260 ## - PUBLICATION, DISTRIBUTION, ETC. (IMPRINT)
Place of publication, distribution, etc Burlington :
Name of publisher, distributor, etc Jones & Bartlett Learning,
Date of publication, distribution, etc 2023
300 ## - PHYSICAL DESCRIPTION
Extent xxxiii, 821 p. :
Other physical details color illustrations ;
Dimensions 28 cm
500 ## - GENERAL NOTE
General note Index present
520 ## - SUMMARY, ETC.
Summary, etc "Medical Lab Science students need a strong foundation in applied chemistry need to learn and demonstrate mastery of the required knowledge, skills and competencies as specified by certifying bodies and accreditation organizations to be prepared for certification and employment as a professional medical assistant. Hear explanations that balance analytic principles, techniques, and correlation of results with coverage of disease states. For over 30 years and 8 editions Bishop has gained the reputation in the market as the trusted resource written by Clinical Lab Scientists specifically for CLS students. Many of the leading books on the market are adapted from general chemistry textbooks, while Bishop sets itself apart from the competition by its logical organization reorganize the chapter order to reflect clinical chemistry flow in most courses today. Individual chapter content will be based on the ASCLS Entry Level Curriculum. A map of how the textbook correlates to the ASCLS curriculum will be provided as an instructor resource. Bishop not only demonstrates the how of clinical testing, but also the what, why, and when of testing correlations to help students develop the knowledge and interpretive and analytic skills they will need in their future careers"-- Provided by publisher
546 ## - LANGUAGE NOTE
Language note Eng
650 #0 - SUBJECT ADDED ENTRY--TOPICAL TERM
Topical term or geographic name as entry element Clinical chemistry.
700 1# - ADDED ENTRY--PERSONAL NAME
Personal name Bishop, Michael L.,
700 1# - ADDED ENTRY--PERSONAL NAME
Personal name Fody, Edward P.,
700 1# - ADDED ENTRY--PERSONAL NAME
Personal name Siclen, Carleen Van,
700 1# - ADDED ENTRY--PERSONAL NAME
Personal name Mistler, James March,
700 1# - ADDED ENTRY--PERSONAL NAME
Personal name Moy, Michelle,
942 ## - ADDED ENTRY ELEMENTS (KOHA)
Koha item type Books
Holdings
Withdrawn status Lost status Damaged status Home library Current library Date acquired Full call number Barcode Date last seen Price effective from Koha item type Copy number
      UMT Health Sciences Campus UMT Health Sciences Campus 2022-12-22 616.0756 CLI- 144165 2025-10-02 2022-12-22 Books  
      UMT Health Sciences Campus UMT Health Sciences Campus 2026-06-24 616.0756 CLI- 153220 2026-06-24 2026-06-24 Books C.2
      UMT Health Sciences Campus UMT Health Sciences Campus 2026-06-24 616.0756 CLI- 153221 2026-06-24 2026-06-24 Books C.3
      UMT Health Sciences Campus UMT Health Sciences Campus 2026-06-24 616.0756 CLI- 153222 2026-06-24 2026-06-24 Books C.4
      UMT Health Sciences Campus UMT Health Sciences Campus 2026-06-24 616.0756 CLI- 153223 2026-06-24 2026-06-24 Books C.5
      UMT Health Sciences Campus UMT Health Sciences Campus 2026-06-29 616.0756 CLI- 153219 2026-06-29 2026-06-29 Books C.6